The superego, unconscious conscience ; the key to the theory and therapy of neurosis.

Bibliographic Details
Main Author: Bergler, Edmund, 1899-1962
Format: Book
Language:English
Published: New York : Grune & Stratton, [1962]
Subjects:

MARC

Tag First Indicator Second Indicator Subfields
LEADER 00000cam a2200000 4500
001 in00000052054
005 20151007080302.0
008 790614s1962 nyu 00000 eng
010 |a  52012974  
035 |a (OCoLC)05065927 
035 |9 AAF4553AM 
040 |a DLC  |c IBA  |d TXA  |d UtOrBLW 
049 |a TXAM  |c [314732] 
050 0 |a BF175  |b .B45 
082 0 |a 131.3414 
092 |a 131.341  |b B498s 
100 1 |a Bergler, Edmund,  |d 1899-1962. 
245 1 4 |a The superego, unconscious conscience ;  |b the key to the theory and therapy of neurosis. 
264 1 |a New York :  |b Grune & Stratton,  |c [1962] 
300 |a 367 pages ;  |c 23 cm. 
336 |a text  |b txt  |2 rdacontent 
337 |a unmediated  |b n  |2 rdamedia 
338 |a volume  |b nc  |2 rdacarrier 
650 0 |a Superego. 
999 |a MARS 
999 f f |s c763f627-663a-35d7-96d6-e30ac125b2a5  |i 6a397f32-ec51-3a94-8534-3db89f0470c2  |t 0 
952 f f |p ric  |a Texas A&M University  |b Rellis Campus  |c Joint Library Facility  |d Remote Storage  |t 0  |e BF175 .B45  |h Library of Congress classification  |i unmediated -- volume  |m A14800510793 
998 f f |a BF175 .B45  |t 0  |l Remote Storage